2022 Starting NFL Quarterbacks by Team - Statistics

General Stats
  • This quiz has been taken 34 times
  • The average score is 28 of 32
Answer Stats
Answer % Correct
Packers Aaron Rodgers
97%
Panthers Baker Mayfield
97%
Lions Jared Goff
97%
Bengals Joe Burrow
97%
Bills Josh Allen
97%
Chiefs Patrick Mahomes
97%
Buccaneers Tom Brady
97%
Giants Daniel Jones
94%
Vikings Kirk Cousins
94%
Cardinals Kyler Murray
94%
Patriots Mac Jones
94%
Broncos Russell Wilson
94%
Dolphins Tua Tagovailoa
94%
Jets Zach Wilson
94%
Cowboys Dak Prescott
91%
Raiders Derek Carr
91%
Ravens Lamar Jackson
91%
Rams Matthew Stafford
91%
Colts Matt Ryan
91%
Titans Ryan Tannehill
91%
Jaguars Trevor Lawrence
91%
Chargers Justin Herbert
88%
Commanders Carson Wentz
85%
Bears Jusin Fields
85%
Eagles Jalen Hurts
82%
Saints Jameis Winston
82%
Texans Davis Mills
76%
Steelers Mitchell Trubisky
76%
49ers Trey Lance
76%
Seahawks Drew Lock
73%
Falcons Marcus Mariota
70%
Browns Jacoby Brissett
64%
No matching quizzes found
Score Distribution
Percent of People with Each Score
Percentile by Number Answered
Your Score History
You have not taken this quiz